000 02653cam a22006254i 4500
003 PE-LiUPU
005 20250731170446.0
008 150706s2005 sp a rb 000 0 spa d
020 _a8497424301
020 _a9788497424301
035 _a(Sirsi) i9788497424301
040 _aPE-LiUPU
_bspa
_cPE-LiUPU
_dPE-LiUPU
_erda
049 _aPRUA
082 0 4 _a159.922
_bM79
_221
100 1 _aMoreno Ríos, Sergio,
_eautor.
245 1 0 _aPsicología del desarrollo cognitivo y adquisición del lenguaje /
_cSergio Moreno Ríos.
264 1 _aMadrid :
_bBiblioteca Nueva,
_c2005.
300 _a331 páginas :
_bilustraciones ;
_c24 centímetros.
336 _atext
_2rdacontent
337 _aunmediated
_2rdamedia
338 _avolume
_2rdacarrier
490 0 _aBiblioteca Nueva universidad. Serie Psicología
504 _aIncluye bibliografía.
505 0 _aAproximaciones teóricas al desarrollo cognitivo -- Los elementos constitutivos del pensamiento: categorización, representación -- Fundamentos del desarrollo del lenguaje: mecanismo y cultura -- Comunicación prelingüística: prerrequisitos y contextos de adquisición y desarrollo del lenguaje -- El desarrollo del lenguaje: sonidos, palabras y significado -- El desarrollo del lenguaje: gramática y pragmática -- La relación entre el pensamiento y el lenguaje -- El desarrollo de la cognición y del pensamiento -- El desarrollo del razonamiento y del pensamiento lógico -- Consideraciones finales: desarrollo del pensamiento y el lenguaje en la educación.
526 _aSEG68
526 _aSEG70
526 _aSEG69
526 _aSEG67
526 _aSEG43
526 _aP144
526 _aP143
526 _aP131
526 _aP122
526 _aP120
526 _aP117
526 _aP112
526 _aP110
526 _aP106
526 _aP101
526 _aP80
526 _aP59
526 _aP54
526 _aP35
526 _aP33
526 _aP30
541 _g001-0030486;
650 0 4 _aDesarrollo cognitivo.
650 0 4 _aLenguaje
_xAdquisición.
910 _agl
_bjv
_clch
_d20090929
942 _2ddc
_cBOOK
949 _a159.922 M79
_wDEWEY
_c1
_i60409
_d2016-6-24
_e2016-6-20
_lCCODEBUL1
_mBUL
_n2
_p36.00
_r0
_sY
_tBOOK
_u2015-7-6
_xSALUD
_PP33
_0COMPRA
_o.STAFF. Colección Ciencias de la Salud
994 _aC0
_bPEPRU
596 _a1
999 _a159.922 M79
_wDEWEY
_c49862
_i60409
_d49862
_e2019-5-7
_f2021-11-3
_g6
_lCCODEBUL1
_mBUL
_n6
_p36.00
_q5
_r0
_sY
_tBOOK
_u2015-7-6
_xSALUD
_zP33
_0COMPRA
_o.STAFF. Colección Ciencias de la Salud
980 _81
_gALBERTO SANCHEZ Responsable de Automatización